Statistics for Top 20 Words Starting with H

Click here to take the quiz!

General Stats

  • This quiz has been taken 1,828 times
  • The average score is 13 of 20

Answer Stats

ranklettersword% Correct
22he
100%
53her
94%
73him
86%
33his
86%
14have
82%
63has
80%
43had
77%
93how
71%
184hear
68%
124home
62%
114hand
61%
204hope
57%
154here
54%
144head
52%
85house
52%
134help
50%
104high
41%
164hold
41%
177however
23%
196health
15%

Score Distribution

Percentile by Number Answered

Percent of People with Each Score

Your Score History

You have not taken this quiz